000 00340nam a22001457a 4500
020 _a978-93-81318-68-3
082 _a894.812.3
_bDUM/M
100 _aALEXANDER DUMA
245 _aMONDI CHRISTO PRABHU
250 _a3
260 _aTHRISSUR
_bH&C PUBLISHING
_c2011
300 _a128
650 _aSHORT STORY - MALAYALAM
_zKERALA
942 _cBK
999 _c1128
_d1128